Matrimonio e institucionalización de las relaciones sexuales (Registro nro. 69677)
[ vista simple ]
| 000 -LÍDER | |
|---|---|
| Campo fijo de descripción fija | 01509nab a2200229 i 4500 |
| 001 - NÚMERO DE CONTROL | |
| Campo de control | 768714001 |
| 003 - IDENTIFICADOR DEL NÚMERO DE CONTROL | |
| Campo de control | CO-MdFUSB |
| 005 - FECHA Y HORA DE LA ULTIMA TRANSACCIÓN | |
| control field | 20240514114047.0 |
| 008 - ELEMENTOS DE LONGITUD FIJA -- INFORMACIÓN GENERAL | |
| Campo fijo de descripción fija -- Información general | 240510t1970 sp ||||| |||| 00| 0 spa d |
| 040 ## - FUENTE DE CATALOGACIÓN | |
| Idioma de catalogación | spa |
| Agencia que realiza la transcripción | CO-MdFUSB |
| Agencia que realiza la modificación | CO-MdFUSB |
| 041 ## - CÓDIGO DE IDIOMA | |
| Código de idioma para texto/pista de sonido o título separado | spa |
| 100 ## - ASIENTO PRINCIPAL--NOMBRE PERSONAL | |
| Nombre personal | Snoek, Jaime, |
| Término relacionador | autor |
| 245 ## - TÍTULO | |
| Título | Matrimonio e institucionalización de las relaciones sexuales |
| Mención de responsabilidad | / Jaime Snoek |
| 520 ## - NOTA DE RESUMEN, ETC. | |
| Nota de sumario, etc. | No existe quizá otro sector de la vida, como el de la sexualidad, en el que el desfase entre la moral oficial y la vida real sea tan alarmante. En la doctrina de la Iglesia, el matrimonio está considerado como el terreno exclusivo de las relaciones sexuales. Toda actividad sexual pre y extramatrimonial excluiría del reino de los cielos. Por otra parte, esta maravillosa institución del matrimonio no fue elaboración propia de la Iglesia. Fue fruto maduro de una larga experiencia humana, con la finalidad inicial de asegurar la simple supervivencia mediante la garantía de unos cuidados maternos y de un mínimo de seguridad económica, con una flexibilidad variable y una también variable libertad sexual pre y extramatrimonial. |
| 650 #2 - ASIENTO SECUNDARIO DE MATERIA - TERMINO TEMÁTICO | |
| Término temático o nombre geográfico como elemento de entrada | Conciencia (Moral) |
| 9 (RLIN) | 927 |
| 650 #7 - ASIENTO SECUNDARIO DE MATERIA - TERMINO TEMÁTICO | |
| Término temático o nombre geográfico como elemento de entrada | Matrimonio |
| 9 (RLIN) | 300 |
| 650 #0 - ASIENTO SECUNDARIO DE MATERIA - TERMINO TEMÁTICO | |
| Término temático o nombre geográfico como elemento de entrada | Sexo |
| 9 (RLIN) | 1346 |
| 653 ## - TÉRMINO DE INDIZACIÓN - NO CONTROLADO | |
| Término no controlado | Matrimonio como institución |
| 773 0# - ASIENTO DE ITEM FUENTE | |
| Biblionumber | 49450 |
| Itemnumber | 82618 |
| Otro identificador del ítem | R2545 |
| Título | Revista internacional de teología Concilium |
| Número de control del registro | (CO-MdFUSB)8 |
| Número Internacional Normalizado para Publicaciones Seriadas (ISSN) | 0210-1041 |
| Parte(s) relacionada(s) / Volumen., número. (mes año), páginas | Número 55, (mayo, 1970), páginas: |
| Enumeración y primera página | página: |
| 942 ## - TIPO DE MATERIAL (KOHA) | |
| Tipo de Item KOHA | Artículos de Revista |
| 945 ## - INFORMACIÓN LOCAL DEL REGISTRO | |
| Catalogador | Catherine Arias Alvarez - Practicante SENA |
No hay ítems disponibles.
